Joueurs de l'équipe de France séléctionnés en 2024 - Statistiques

Statistiques générales
  • Ce quiz a été pris 141 fois
  • Le résultat moyen est 31 sur 35
Statistiques - réponses
Poste Club(s) Joueur % Correct
Gardiens AC Milan Mike Maignan
100%
Attaquants Paris Saint-Germain / Real Madrid Kylian Mbappé
99%
Attaquants Atlético Madrid Antoine Griezmann
98%
Défenseurs Paris Saint-Germain Lucas Hernandez
96%
Milieux Al Ittihad Club N'Golo Kanté
96%
Défenseurs AC Milan Théo Hernandez
96%
Gardiens West Ham United Alphonse Aréola
95%
Milieux Real Madrid Aurélien Tchouaméni
95%
Milieux Real Madrid Eduardo Camavinga
95%
Attaquants AC Milan / Los Angeles FC Olivier Giroud
95%
Attaquants Paris Saint-Germain Ousmane Dembélé
95%
Attaquants Bayern Munich Kingsley Coman
94%
Milieux Juventus / Olympique de Marseille Adrien Rabiot
93%
Défenseurs FC Barcelone Jules Koundé
93%
Attaquants Inter Milan Marcus Thuram
93%
Défenseurs Arsenal William Saliba
93%
Attaquants Paris Saint-Germain Bradley Barcola
92%
Gardiens RC Lens Brice Samba
91%
Défenseurs Liverpool Ibrahima Konaté
91%
Défenseurs Bayern Munich Dayot Upamecano
90%
Gardiens LOSC Lille Lucas Chevalier
90%
Défenseurs Inter Milan Benjamin Pavard
89%
Attaquants Paris Saint-Germain Randal Kolo Muani
88%
Milieux Paris Saint-Germain Warren Zaïre-Emery
88%
Défenseurs Real Madrid Ferland Mendy
86%
Défenseurs Chelsea Wesley Fofana
84%
Milieux AS Monaco / AC Milan Youssouf Fofana
84%
Attaquants Chelsea Christopher Nkunku
83%
Milieux SS Lazio Mattéo Guendouzi
83%
Attaquants Bayern Munich Michael Olise
82%
Défenseurs Aston Villa Lucas Digne
79%
Défenseurs Olympique de Marseille / OGC Nice Jonathan Clauss
77%
Attaquants Aston Villa / Al Ittihad Club Moussa Diaby
73%
Milieux AS Rome Manu Koné
54%
Défenseurs Séville FC Loïc Badé
50%
Aucun quiz correspondant
Distribution des résultats
% des personnes avec chaque résultat
Percentile par nombre de réponses
Votre historique - résultats
Vous n’avez pas pris ce quiz